MARC

LEADER 00000nam0a2200000 4500
001 156850
005 20231101221928.0
035 |a (RuTPU)RU\TPU\book\170102 
090 |a 156850 
100 |a 20090331d1979 km y0rusy50 ca 
101 1 |a rus  |c eng 
102 |a RU 
105 |a a z 001zy 
200 1 |a Квантовые жидкости и кристаллы  |e сборник статей  |e пер. с англ.  |f под ред. А. С. Боровик-Романова 
210 |a Москва  |c Мир  |d 1979 
215 |a 336 с.  |c ил. 
225 1 |a Новости фундаментальной физики  |v Вып. 10 
320 |a Библиография в конце статей 
606 1 |a Квантовые жидкости  |x (гидромеханика)  |2 stltpush  |3 (RuTPU)RU\TPU\subj\68727  |9 83893 
606 1 |a Кристаллы квантовые  |2 stltpush  |3 (RuTPU)RU\TPU\subj\80311  |9 88036 
610 1 |a сборники 
610 1 |a физика 
610 1 |a квантовые жидкости 
675 |a 532.132  |v 3 
675 |a 548.31  |v 3 
702 1 |a Боровик-Романов  |b А. С.  |g Андрей Станиславович  |4 340 
801 1 |a RU  |b 63413507  |c 20090331  |g PSBO 
801 2 |a RU  |b 63413507  |c 20200904  |g PSBO 
942 |c BK